Biggest Cities in Suriname on a Map - Statistics

General Stats
  • This quiz has been taken 149 times
    125 since last reset
  • The average score is 2 of 5
Answers on the Map
Answers color-coded by a green-red scale on the quiz's map according to % correct below.
 
Answer Stats
Population City or town % Correct
223,757 Paramaribo
100%
18,223 Lelydorp
42%
4,935 Nieuw Amsterdam
41%
7,074 Moengo
31%
13,143 Nieuw Nickerie
29%
No matching quizzes found
Score Distribution
Percent of People with Each Score
Percentile by Number Answered
Your Score History
You have not taken this quiz since the last reset